| 000 | 00615 a2200181 4500 | ||
|---|---|---|---|
| 999 |
_c2606 _d2606 |
||
| 020 | _a9780415781862 (hardback) | ||
| 020 | _a9780415781879 (pbk) | ||
| 020 | _a9780203835289 (ebk) | ||
| 050 | 0 | 0 | _aHV9069 HOF 2011 |
| 100 | 1 |
_aHoffmann, John P. _d1962- |
|
| 245 | 1 | 0 |
_aDelinquency theories : _bappraisals and applications / _cJohn P. Hoffmann. |
| 264 |
_aLondon _bRoutledge _c2011 |
||
| 300 |
_avii, 308 p. : _bill. ; |
||
| 500 | _aDelinquency | ||
| 650 | 0 | _aJuvenile delinquency. | |
| 942 |
_2lcc _cBK _h9069 _iHOF _kHV |
||